LDR 00663naa#a2200193#i#450# 001 EN\\bibl\120505 005 20260416035257.4 011 ## _a1019-8946 100 ## _a20260410b2026####ek#y0engy0150####ca 101 0# _aRUS 102 ## _aRU 200 1# _aRussian Dairy Industry: Growth Drivers and Constraints in 1990–2025 _eJournal article 210 1# _aKemerovo _cKemerovo State University _d2026 215 ## _a14 с. 608 ## _aJournal article _2local 675 ## _aСельское хозяйство. Лесное хозяйство. Охота. Рыбное хозяйство. 63 _zRUS 700 #1 _aPleshkov _gVladimir A. 700 #1 _aKozlova _gOksana V. 856 4# _ajsocnet.ru _u